Iconic Latin American Musicians - Statistics

General Stats
  • This quiz has been taken 52 times
  • The average score is 5 of 16
Answer Stats
Picture Answer % Correct
Shakira
90%
Marc Anthony
63%
Juan Luis Guerra
57%
Celia Cruz
55%
Selena
51%
Juan Gabriel
41%
Rubén Blades
33%
Frankie Ruiz
24%
Ivy Queen
24%
Gloria Estefan
20%
Ana Gabriel
18%
Roberto Carlos
16%
Joe Arroyo
8%
Mercedes Sosa
8%
Olga Tañón
8%
Benny Moré
6%
No matching quizzes found
Score Distribution
Percent of People with Each Score
Percentile by Number Answered
Your Score History
You have not taken this quiz